Franz Liszt konečne prijatý svojou domovinou

Bibliographic Details
Main Author: Demko, Miroslav (Author)
Format: Article
Language:Slovak
ISSN:1335-7786
Subjects:

MARC

LEADER 00000nab a2200000 a 4500
001 vtls001494383
003 SK-MaSNL
005 20260304144306.0
008 250505c2004 xo mr|p|||||||000 b|slo
015 |a SNBRB2005/02  |2 snkbucl 
035 |a (uuid)65261331-6ea8-4e7e-b995-6d00c0c8e2ed 
035 |a urn:nbn:sk:snk-abes2l 
035 |a (urnnbn)urn:nbn:sk:snk:ar-000k6w 
038 |a SNKBUCL 
040 |a SNKBUCL  |b slo  |c SNKBUCL  |e AACR2 
041 0 |a slo 
044 |a xo  |c SK 
080 |a 78.071.1  |2 1997 
080 |a 929 Liszt, Franz  |2 1997 
080 |a 94(437.6)  |2 1997 
100 1 |a Demko, Miroslav  |4 aut  |9 346609 
245 1 0 |a Franz Liszt konečne prijatý svojou domovinou  |c Miroslav Demko 
504 |a Bibliogr. odkazy 
600 1 7 |a Liszt, Franz,  |d 1811-1886  |2 snkbucl  |9 116780 
773 0 |t Slovenské pohľady  |g Roč. IV+120, č. 11 (2004), s. 87-99  |x 1335-7786 
850 |a Slovenská národná knižnica 
852 |a Slovenská národná knižnica 
958 |a article27 
958 |a NB 
958 |a BC 
958 |a OND 
958 |a EUIPO 
999 |c 2930491  |d 2932421